Environmental health criteria 136: 1,1,1 - trichloroethane. International Programme on Chemical Safety (IPCS)
Na minha lista:
| Autores corporativos: | , , |
|---|---|
| Formato: | Livro |
| Idioma: | English |
| Publicado em: |
Geneva ;
World Health Organization (WHO),
1992.
|
| Assuntos: | |
| Acesso em linha: | Visit NHRC Library |
| Tags: |
Adicionar Tag
Sem tags, seja o primeiro a adicionar uma tag!
|
| LEADER | 01095nam a22002777a 4500 | ||
|---|---|---|---|
| 003 | OSt | ||
| 005 | 20220906184600.0 | ||
| 008 | 140916b xxu||||| |||| 00| 0 eng d | ||
| 020 | |a 9241571365 | ||
| 022 | |a 0250-863x | ||
| 060 | |a QV 633 | ||
| 110 | |a World Health Organization (WHO) |9 790 | ||
| 245 | |a Environmental health criteria 136: 1,1,1 - trichloroethane. |b International Programme on Chemical Safety (IPCS) | ||
| 260 | |c 1992. |a Geneva ; |b World Health Organization (WHO), | ||
| 300 | |a 117p. | ||
| 650 | |a Trichloroethanes - adverse effects. |9 2484 | ||
| 650 | |a Trichloroethanes - toxicity. |9 2485 | ||
| 650 | |a Environmental exposure. |9 881 | ||
| 650 | |a Environmental pollutants. |9 2480 | ||
| 650 | |a Series |9 2359 | ||
| 710 | |a United Nations Environment Programme. |9 917 | ||
| 710 | |a the International Labour Organizations. |9 2486 | ||
| 856 | |u http://nhrc.org.np/contact |y Visit NHRC Library | ||
| 942 | |2 lcc |c WHO | ||
| 952 | |0 0 |1 0 |2 NLM |4 0 |6 QV_633_000000000000000_WHO_1992 |7 0 |8 REF |9 982 |a NHRC |b NHRC |c REF |d 2014-09-16 |l 0 |o QV 633/WHO/1992 |p 000247 |r 2012-11-08 |w 2022-09-06 |y WHO | ||
| 999 | |c 948 |d 948 | ||